[Event "Vitrolles Majeur op 0405"]
[Site "Vitrolles"]
[Date "2004.12.11"]
[Round "4"]
[White "Colandrea, Sauveur"]
[Black "Scharff, Georges"]
[Result "1-0"]
[WhiteElo "1864"]
[BlackElo "1630"]
[PlyCount "89"]
[EventDate "2004.10.16"]
[EventType "swiss"]
[EventRounds "9"]
[EventCountry "FRA"]
[SourceTitle "EXT 2008"]
[Source "ChessBase"]
[SourceDate "2007.11.25"]
[SourceVersion "1"]
[SourceVersionDate "2007.11.25"]
[SourceQuality "1"]

1. d4 Nf6 2. c4 g6 3. Nc3 Bg7 4. e4 d6 5. Nf3 0-0 6. Be2 Bg4 7. Qb3 Nbd7 8. Be3 Kh8 9. Rd1 Nh5 10. Ng5 Bxe2 11. Nxe2 h6 12. Nh3 Kh7 13. 0-0 e6 14. Nhf4 Ndf6 15. e5 Nxf4 16. Bxf4 Nh5 17. Bc1 f5 18. f4 g5 19. Qh3 Nxf4 20. Nxf4 gxf4 21. Bxf4 d5 22. c5 Qe7 23. Qe3 Qf7 24. Rf3 Qh5 25. Rc1 Rh8 26. Rh3 Qg6 27. b4 Kg8 28. a4 Kf7 29. Rg3 Qh5 30. Qd3 a6 31. b5 a5 32. Qd2 Qh4 33. Rcc3 Qe7 34. Qe2 Qh4 35. Qf2 Qh5 36. Rcf3 Rag8 37. Bd2 b6 38. Rh3 Qg4 39. Rh4 Qg6 40. Rg3 Qh7 41. Qe2 Ke7 42. Bg5+ Kf8 43. cxb6 f4 44. Rxf4+ Ke8 45. Qh5+ 1-0

[Event "Bouches du Rhone-ch 0203"]
[Site "Provence"]
[Date "2003.03.01"]
[Round "7"]
[White "Scharff, Georges"]
[Black "Crapon, Laurent"]
[Result "0-1"]
[WhiteElo "1640"]
[BlackElo "1710"]
[PlyCount "48"]
[EventDate "2002.10.??"]
[EventType "swiss"]
[EventRounds "9"]
[EventCountry "FRA"]
[SourceTitle "EXT 2005"]
[Source "ChessBase"]
[SourceDate "2004.11.15"]
[SourceVersion "1"]
[SourceVersionDate "2004.11.15"]
[SourceQuality "1"]

1. e4 e5 2. d4 exd4 3. c3 dxc3 4. Nxc3 Nc6 5. Bc4 Bb4 6. Nf3 Bxc3+ 7. bxc3 h6 8. 0-0 Nge7 9. Ba3 0-0 10. Re1 d6 11. Qc2 Bg4 12. Re3 Bxf3 13. gxf3 Ng6 14. Kh1 Nce5 15. Be2 Qh4 16. Bf1 Nf4 17. c4 Rfe8 18. Bg2 Re6 19. Rg1 Rg6 20. Bb2 Re8 21. Bf1 Rxg1+ 22. Kxg1 Qg5+ 23. Kh1 Re6 24. Bxe5 Rg6 0-1

[Event "Bouches du Rhone-ch 0203"]
[Site "Provence"]
[Date "2003.01.25"]
[Round "5"]
[White "Scharff, Georges"]
[Black "Sintes, Marc"]
[Result "1/2-1/2"]
[WhiteElo "1640"]
[BlackElo "2058"]
[PlyCount "69"]
[EventDate "2002.10.??"]
[EventType "swiss"]
[EventRounds "9"]
[EventCountry "FRA"]
[SourceTitle "EXT 2005"]
[Source "ChessBase"]
[SourceDate "2004.11.15"]
[SourceVersion "1"]
[SourceVersionDate "2004.11.15"]
[SourceQuality "1"]

1. e4 c5 2. Nc3 Nc6 3. g3 g6 4. Bg2 Bg7 5. f4 d6 6. Nf3 e6 7. d3 Nge7 8. 0-0 0-0 9. Be3 Nd4 10. h3 Rb8 11. g4 f5 12. g5 b5 13. Rb1 b4 14. Ne2 Nxf3+ 15. Bxf3 fxe4 16. dxe4 e5 17. Kh2 Be6 18. b3 Nc6 19. f5 gxf5 20. exf5 Nd4 21. Bxd4 exd4 22. fxe6 Qxg5 23. Bg4 h5 24. Bf3 Qe5+ 25. Kh1 Qxe6 26. Ng1 h4 27. Qe2 Be5 28. Qg2+ Kh8 29. Bd5 Qh6 30. Rxf8+ Rxf8 31. Nf3 Bg3 32. Qd2 Qxd2 33. Nxd2 Rf2 34. Ne4 Rxc2 35. Rf1 1/2-1/2

[Event "Majeur-chT 0001"]
[Site "France"]
[Date "2001.??.??"]
[Round "8"]
[White "Crapon, Laurent"]
[Black "Scharff, Georges"]
[Result "1-0"]
[WhiteElo "1710"]
[BlackElo "1680"]
[PlyCount "99"]
[EventDate "2000.??.??"]
[EventType "team"]
[EventRounds "9"]
[EventCountry "FRA"]
[SourceTitle "EXT 2005"]
[Source "ChessBase"]
[SourceDate "2004.11.15"]
[SourceVersion "1"]
[SourceVersionDate "2004.11.15"]
[SourceQuality "1"]

1. c4 Nf6 2. d4 c5 3. d5 g6 4. Nc3 d6 5. Nf3 Bg7 6. Bf4 0-0 7. Qd2 e6 8. Bh6 exd5 9. Bxg7 Kxg7 10. Nxd5 Ne4 11. Qc2 Bf5 12. e3 Nc6 13. Bd3 Re8 14. 0-0 Nb4 15. Nxb4 cxb4 16. Rfd1 Rc8 17. Nd2 d5 18. Nxe4 Bxe4 19. Bxe4 Rxc4 20. Qxc4 dxc4 21. Rxd8 Rxd8 22. Bxb7 Rd2 23. Ba6 Rc2 24. Kf1 c3 25. bxc3 bxc3 26. Ke1 Rb2 27. Bd3 Rd2 28. Be2 Rb2 29. Kd1 Rd2+ 30. Ke1 Rb2 31. g4 Kf6 32. Rc1 c2 33. Bd3 Rxa2 34. h4 a5 35. Rxc2 Ra1+ 36. Ke2 Rh1 37. g5+ Kg7 38. Rc4 Ra1 39. Bc2 Ra2 40. Kf3 Ra1 41. Ra4 Rxa4 42. Bxa4 Kf8 43. Ke4 Kg7 44. Ke5 Kf8 45. Kf6 Kg8 46. e4 Kf8 47. e5 Kg8 48. Bb3 a4 49. Bxf7+ Kh8 50. e6 1-0

[Event "Majeur-chT 0001"]
[Site "France"]
[Date "2001.??.??"]
[Round "5"]
[White "Scharff, Georges"]
[Black "Nguyen, Patrick"]
[Result "0-1"]
[WhiteElo "1680"]
[BlackElo "1900"]
[PlyCount "52"]
[EventDate "2000.??.??"]
[EventType "team"]
[EventRounds "9"]
[EventCountry "FRA"]
[SourceTitle "EXT 2005"]
[Source "ChessBase"]
[SourceDate "2004.11.15"]
[SourceVersion "1"]
[SourceVersionDate "2004.11.15"]
[SourceQuality "1"]

1. e4 c6 2. d4 d5 3. Nc3 dxe4 4. Nxe4 Nf6 5. Ng3 h5 6. Nf3 h4 7. Ne2 h3 8. Nc3 Bg4 9. Qd3 Bxf3 10. gxf3 e6 11. Bf4 Bd6 12. Bg3 Bb4 13. Qe3 Nd5 14. Qd3 Qa5 15. Kd2 Nd7 16. Be2 0-0-0 17. a3 Bxc3+ 18. bxc3 e5 19. Rab1 exd4 20. Qxd4 N5f6 21. Bd3 Nd5 22. Rb3 g6 23. Qc4 f6 24. Rb5 Qxb5 25. Qe4 Qa5 26. Qc4 Ne5 0-1

[Event "Provence-ch access Vitrolles 9900"]
[Site "France"]
[Date "2000.??.??"]
[Round "9"]
[White "Estevez, Dorothee"]
[Black "Scharff, Georges"]
[Result "1-0"]
[WhiteElo "1780"]
[BlackElo "1650"]
[PlyCount "117"]
[EventDate "1999.??.??"]
[EventType "tourn"]
[EventRounds "9"]
[EventCountry "FRA"]
[SourceTitle "EXT 2005"]
[Source "ChessBase"]
[SourceDate "2004.11.15"]
[SourceVersion "1"]
[SourceVersionDate "2004.11.15"]
[SourceQuality "1"]

1. d4 Nf6 2. c4 c5 3. d5 g6 4. Nc3 d6 5. e4 Bg7 6. Be2 0-0 7. f4 e6 8. Nf3 exd5 9. cxd5 Re8 10. Nd2 a6 11. a4 Nbd7 12. 0-0 Qc7 13. Qc2 Nb6 14. b3 Nfxd5 15. exd5 Rxe2 16. a5 Nd7 17. Bb2 Re7 18. Nce4 Bxb2 19. Qxb2 f5 20. Ng5 Nf8 21. Nc4 Bd7 22. Qf6 Bb5 23. Rfe1 Rae8 24. Rxe7 Qxe7 25. Qxe7 Rxe7 26. Nxd6 h6 27. Nf3 Rd7 28. Nxb5 axb5 29. Rd1 Nh7 30. d6 Nf6 31. Ne5 Rg7 32. d7 Nxd7 33. Rxd7 Rxd7 34. Nxd7 c4 35. bxc4 bxc4 36. Ne5 c3 37. Nd3 Kf7 38. Kf2 Ke6 39. Nb4 Kd6 40. Ke2 Kc5 41. a6 bxa6 42. Nxa6+ Kc4 43. Nc7 Kb3 44. Ne6 c2 45. Nc5+ Kc3 46. Nd3 g5 47. g3 gxf4 48. gxf4 h5 49. h3 h4 50. Ke3 Kc4 51. Kd2 c1Q+ 52. Nxc1 Kd4 53. Nd3 Ke4 54. Ke2 Kd4 55. Nf2 Kc4 56. Kf3 Kd5 57. Nd1 Kd6 58. Ne3 Ke6 59. Ng2 1-0

[Event "Provence-ch access Vitrolles 9900"]
[Site "France"]
[Date "2000.??.??"]
[Round "7"]
[White "Habib, George"]
[Black "Scharff, Georges"]
[Result "1/2-1/2"]
[WhiteElo "1840"]
[BlackElo "1650"]
[PlyCount "48"]
[EventDate "1999.??.??"]
[EventType "tourn"]
[EventRounds "9"]
[EventCountry "FRA"]
[SourceTitle "EXT 2005"]
[Source "ChessBase"]
[SourceDate "2004.11.15"]
[SourceVersion "1"]
[SourceVersionDate "2004.11.15"]
[SourceQuality "1"]

1. e4 c6 2. d4 d5 3. exd5 cxd5 4. c4 Nf6 5. Nc3 e6 6. Bg5 Bb4 7. a3 Bxc3+ 8. bxc3 0-0 9. Qf3 Nc6 10. Bxf6 gxf6 11. Bd3 f5 12. Ne2 dxc4 13. Bxc4 Kh8 14. 0-0 Rg8 15. Qe3 Qg5 16. Qxg5 Rxg5 17. Rab1 b6 18. f4 Rg6 19. Rbd1 Ne7 20. Bb3 Bb7 21. g3 Nd5 22. Kf2 Rc8 23. Bxd5 Bxd5 24. Rc1 Bc4 1/2-1/2

[Event "Majeur-chT 0001"]
[Site "France"]
[Date "2000.??.??"]
[Round "3"]
[White "Scharff, Georges"]
[Black "Leger, Pascal"]
[Result "0-1"]
[WhiteElo "1680"]
[BlackElo "1870"]
[PlyCount "74"]
[EventDate "2000.??.??"]
[EventType "team"]
[EventRounds "9"]
[EventCountry "FRA"]
[SourceTitle "EXT 2005"]
[Source "ChessBase"]
[SourceDate "2004.11.15"]
[SourceVersion "1"]
[SourceVersionDate "2004.11.15"]
[SourceQuality "1"]

1. Nf3 Nc6 2. a3 g6 3. d4 d5 4. e3 a6 5. b4 b5 6. Bb2 Bg7 7. Nbd2 Nf6 8. Bd3 0-0 9. 0-0 Bg4 10. Qe1 Bxf3 11. Nxf3 Nd7 12. Qc3 Ncb8 13. Ne5 Nb6 14. Bc1 Na4 15. Qe1 f6 16. Nf3 e5 17. dxe5 fxe5 18. e4 Re8 19. Bg5 Qd7 20. Qd2 Rf8 21. Rae1 d4 22. Bh6 Nc6 23. Bxg7 Qxg7 24. Qg5 Rf4 25. Qg3 Raf8 26. Qh3 Qf6 27. Qd7 g5 28. Nxg5 Qxg5 29. Qd5+ R8f7 30. Qxc6 R4f6 31. Qe8+ Kg7 32. Qc8 Rg6 33. Qh3 Rf4 34. Qd7+ Kh6 35. Qh3+ Rh4 36. Qg3 Qh5 37. Qf3 Qxf3 0-1

[Event "FRA-ch op Senior"]
[Site "Narbonne"]
[Date "1997.??.??"]
[Round "6"]
[White "Scharff, Georges"]
[Black "Brosser, Claude"]
[Result "1/2-1/2"]
[WhiteElo "1650"]
[BlackElo "1810"]
[PlyCount "70"]
[EventDate "1997.08.??"]
[EventType "swiss"]
[EventRounds "11"]
[EventCountry "FRA"]
[SourceTitle "EXT 2021"]
[Source "ChessBase"]
[SourceDate "2020.10.23"]
[SourceVersion "1"]
[SourceVersionDate "2020.10.23"]
[SourceQuality "1"]

1. c4 f5 2. Nc3 Nf6 3. g3 e6 4. Bg2 d5 5. cxd5 exd5 6. d4 c6 7. Nf3 Bd6 8. Ne5 Nbd7 9. f4 0-0 10. 0-0 Ne4 11. e3 Qe8 12. g4 g6 13. Nxe4 fxe4 14. Bd2 Nf6 15. h3 Kg7 16. Qe2 h5 17. g5 Nh7 18. Kh1 Bf5 19. Rg1 Rh8 20. h4 Nf8 21. Raf1 Ne6 22. b4 a6 23. Rc1 Rf8 24. Rgf1 Qe7 25. Rb1 Bxe5 26. fxe5 Bg4 27. Qe1 Rxf1+ 28. Qxf1 Rf8 29. Qg1 Rf5 30. Rf1 Kf8 31. Rxf5+ Bxf5 32. Qf2 Ke8 33. Bf1 Kd7 34. Qe1 Ng7 35. Qf2 Ne6 1/2-1/2

[Event "FRA-ch Veterans"]
[Site "Nantes"]
[Date "1993.08.24"]
[Round "7"]
[White "Scharff, Georges"]
[Black "Duthilleul, Jean"]
[Result "0-1"]
[WhiteElo "1590"]
[BlackElo "1720"]
[PlyCount "102"]
[EventDate "1993.08.17"]
[EventType "swiss"]
[EventRounds "11"]
[EventCountry "FRA"]
[SourceTitle "EXT 2005"]
[Source "ChessBase"]
[SourceDate "2004.11.15"]
[SourceVersion "1"]
[SourceVersionDate "2004.11.15"]
[SourceQuality "1"]

1. d4 f5 2. Nf3 Nf6 3. g3 g6 4. Bg2 Bg7 5. 0-0 0-0 6. c4 d6 7. Nc3 Qe8 8. Re1 e5 9. e4 Nc6 10. exf5 Bxf5 11. dxe5 dxe5 12. Nh4 e4 13. Bg5 Qf7 14. Bxf6 Bxf6 15. Nxe4 Bxh4 16. Nd6 Qf6 17. Qd5+ Kg7 18. Nxf5+ Qxf5 19. Qxf5 Rxf5 20. gxh4 Raf8 21. Bxc6 bxc6 22. Re7+ R8f7 23. Rxf7+ Kxf7 24. Rd1 Ke6 25. Rd4 c5 26. Rg4 Ke5 27. Kg2 Rf4 28. Rxf4 Kxf4 29. h3 a5 30. b3 h5 31. f3 c6 32. Kf2 Kf5 33. Kg3 Ke5 34. Kf2 Kd4 35. f4 Kc3 36. Ke3 Kb2 37. Kd3 Kxa2 38. Kc2 Ka3 39. Kc3 a4 40. bxa4 Kxa4 41. Kd3 Kb3 42. Ke4 Kxc4 43. Ke5 Kd3 44. Kf6 Ke4 45. Kxg6 Kxf4 46. Kxh5 Kf5 47. Kh6 Kf6 48. h5 c4 49. Kh7 Kf7 50. h6 c3 51. h4 c2 0-1

[Event "Provence-chB"]
[Site "Provence"]
[Date "1991.??.??"]
[Round "3"]
[White "Dumas, JL."]
[Black "Scharff, Georges"]
[Result "1/2-1/2"]
[WhiteElo "1730"]
[BlackElo "1650"]
[PlyCount "82"]
[EventDate "1991.??.??"]
[EventType "swiss"]
[EventRounds "9"]
[EventCountry "FRA"]
[SourceTitle "EXT 2005"]
[Source "ChessBase"]
[SourceDate "2004.11.15"]
[SourceVersion "1"]
[SourceVersionDate "2004.11.15"]
[SourceQuality "1"]

1. d4 d5 2. c4 e6 3. Nf3 Nf6 4. Nc3 Nbd7 5. cxd5 exd5 6. Bg5 Be7 7. e3 0-0 8. Bd3 a6 9. Rc1 b5 10. Bb1 Bb7 11. Qc2 Rc8 12. Ne5 Ne4 13. Bxe7 Qxe7 14. Nxd7 Qxd7 15. f3 Nf6 16. 0-0 c5 17. dxc5 Rxc5 18. Qf5 Qe7 19. Ne4 Nxe4 20. fxe4 Rxc1 21. Rxc1 dxe4 22. Qf4 Qe6 23. Rc7 Bd5 24. b3 f5 25. Qg5 Qf6 26. Qxf6 Rxf6 27. Kf2 g5 28. g3 h5 29. Bc2 Rc6 30. Rxc6 Bxc6 31. b4 Bd5 32. a3 Kf7 33. Bd1 g4 34. Ke2 Kf6 35. Kd2 Kg5 36. Kc3 h4 37. Kd4 hxg3 38. hxg3 Bc4 39. Bc2 Kf6 40. Bd1 Ke6 41. Bc2 Kd6 1/2-1/2